[Event "Deutsche Ländermeisterschaft 2016"]
[Site "Hannover GER"]
[Date "2016.10.02"]
[Round "3"]
[White "Dobrikov, Marco"]
[Black "Morio, Estelle"]
[Result "1-0"]
[Termination "normal"]
[Board "3.6"]
[WhiteElo "1926"]
[BlackElo "1820"]
[WhiteClock "01:13:18"]
[BlackClock "00:43:50"]
[WhiteTeam "Baden 1"]
[BlackTeam "Rheinland-Pfalz"]
[PlyCount "55"]
[WhiteFideId "12950378"]
[BlackFideId "12951951"]
[EventCountry "GER"]
[EventRounds "7"]
[EventType "team-swiss"]
[EventDate "2016.09.30"]

1. e4 d6 2. d4 Nf6 3. Nc3 Nbd7 4. g4 h6 5. h3 e5 6. Nge2 c6 7. Bg2 Be7 8. Be3
Qc7 9. Qd2 Nb6 10. b3 Bd7 11. a4 a6 12. O-O g5 13. Ng3 O-O-O 14. a5 Na8 15. Na4
Be8 16. Nf5 Bf8 17. c4 Nd7 18. b4 c5 19. d5 Nf6 20. Qb2 Bxa4 21. Rxa4 Qd7 22.
Ra3 Nc7 23. bxc5 dxc5 24. Rb3 Nce8 25. Rb1 Nd6 26. Nxd6+ Bxd6 27. Rxb7 Qa4 28.
Rxf7 1-0

[Event "Deutsche Ländermeisterschaft 2016"]
[Site "Hannover GER"]
[Date "2016.10.02"]
[Round "3"]
[White "Reitz, Theresa"]
[Black "Hartmann, Cora"]
[Result "1/2-1/2"]
[Termination "normal"]
[Board "3.7"]
[WhiteElo "1815"]
[BlackElo "1868"]
[WhiteClock "00:00:43"]
[BlackClock "00:16:37"]
[WhiteTeam "Rheinland-Pfalz"]
[BlackTeam "Baden 1"]
[PlyCount "135"]
[WhiteFideId "12971901"]
[BlackFideId "16200764"]
[EventCountry "GER"]
[EventRounds "7"]
[EventType "team-swiss"]
[EventDate "2016.09.30"]

1. e4 e5 2. Nf3 Nc6 3. Bb5 a6 4. Ba4 Nf6 5. d3 b5 6. Bb3 Be7 7. Nbd2 d6 8. h3
Na5 9. c3 Nxb3 10. axb3 c5 11. Nf1 O-O 12. Ng3 Re8 13. Nh2 d5 14. Qf3 Be6 15.
Ng4 Nxg4 16. hxg4 dxe4 17. Nxe4 h6 18. g5 f5 19. gxf6 Bxf6 20. Bxh6 Rf8 21. Qg3
Kf7 22. Bg5 Bxb3 23. Bxf6 gxf6 24. Rh7+ Ke8 25. Qg6+ Bf7 26. Nxf6+ Ke7 27. Qf5
Qd6 28. Ng8+ Ke8 29. Rh6 Bxg8 30. Qh5+ Bf7 31. Qxf7+ Kxf7 32. Rxd6 a5 33. Rd5
Rfc8 34. Rxe5 Re8 35. Rxe8 Rxe8+ 36. Kf1 a4 37. Re1 Rd8 38. Re3 b4 39. cxb4
cxb4 40. Re4 Rb8 41. g4 Kf6 42. Kg2 Kg5 43. Kg3 a3 44. bxa3 bxa3 45. f4+ Kf6
46. Ra4 Rb3 47. Ra6+ Kf7 48. g5 Rxd3+ 49. Kg4 Ke7 50. g6 Rd6 51. Ra7+ Kf8 52.
f5 Rd3 53. g7+ Kg8 54. f6 Rd8 55. Rxa3 Kf7 56. Rf3 Rd5 57. Rf5 Rd1 58. Kg5 Rh1
59. Rb5 Rg1+ 60. Kh6 Kxf6 61. Rb6+ Kf7 62. Rb7+ Kf6 63. Rb6+ Kf7 64. Rb7+ {
Rh1+ Kh7+} Kf6 {Kh6  Rg1} 65. Kh7 Rh1+ 66. Kg8 Kg6 67. Rb6+ Kg5 68. Kf8 1/2-1/2

[Event "Deutsche Ländermeisterschaft 2016"]
[Site "Hannover GER"]
[Date "2016.10.02"]
[Round "3"]
[White "Basovskiy, Jana"]
[Black "Bohrer, Katharina"]
[Result "1-0"]
[Termination "normal"]
[Board "3.8"]
[WhiteElo "1435"]
[BlackElo "1110"]
[WhiteClock "00:09:42"]
[BlackClock "00:10:36"]
[WhiteTeam "Baden 1"]
[BlackTeam "Rheinland-Pfalz"]
[PlyCount "61"]
[WhiteFideId "16208617"]
[BlackFideId "16225457"]
[EventCountry "GER"]
[EventRounds "7"]
[EventType "team-swiss"]
[EventDate "2016.09.30"]

1. e4 d6 2. d4 Nf6 3. Nc3 g6 4. Nf3 Bg7 5. Bc4 O-O 6. O-O Bg4 7. h3 Bxf3 8.
Qxf3 Nc6 9. Be3 e5 10. d5 Ne7 11. Rad1 Nd7 12. Qe2 a6 13. a4 f5 14. f3 Nf6 15.
b4 Nh5 16. Bf2 Nf4 17. Qe1 Kh8 18. Ne2 Nh5 19. Bb3 Bh6 20. c4 g5 21. Be3 Rg8
22. Rc1 Qf8 23. Qd2 Nf4 24. c5 Qg7 25. cxd6 cxd6 26. Rc7 Rab8 27. exf5 Qf6 28.
Ng3 Nxf5 29. Nxf5 Qxf5 30. Bc2 Qf6 31. Rxh7# 1-0

[Event "Deutsche Ländermeisterschaft 2016"]
[Site "Hannover GER"]
[Date "2016.10.02"]
[Round "3"]
[White "Walter, Kevin"]
[Black "Rahnfeld, Jens"]
[Result "1/2-1/2"]
[Termination "normal"]
[Board "4.1"]
[WhiteElo "2194"]
[BlackElo "2265"]
[WhiteClock "00:21:04"]
[BlackClock "00:17:22"]
[WhiteTeam "Württemberg"]
[BlackTeam "Baden 2"]
[PlyCount "58"]
[WhiteFideId "12906654"]
[BlackFideId "12939617"]
[EventCountry "GER"]
[EventRounds "7"]
[EventType "team-swiss"]
[EventDate "2016.09.30"]

1. e4 c5 2. Nf3 d6 3. d4 cxd4 4. Nxd4 Nf6 5. Nc3 a6 6. Be2 e5 7. Nb3 Be7 8. O-O
O-O 9. Re1 Be6 10. Bf3 Nbd7 11. a4 Nb6 12. Nd2 Rc8 13. Nf1 Qc7 14. Ne3 Rfd8 15.
a5 Nc4 16. Ned5 Nxd5 17. Nxd5 Bxd5 18. Qxd5 b5 19. axb6 Nxb6 20. Qb3 Nd7 21. c3
Rb8 22. Qc2 a5 23. Rd1 Rb7 24. Rd5 Nc5 25. Ra2 Rdb8 26. Be2 Bd8 27. Be3 Qe7 28.
Bxc5 dxc5 29. Bc4 Rd7 1/2-1/2

[Event "Deutsche Ländermeisterschaft 2016"]
[Site "Hannover GER"]
[Date "2016.10.02"]
[Round "3"]
[White "Boes, Julian"]
[Black "Peng, Xiang-Tobias"]
[Result "0-1"]
[Termination "normal"]
[Board "4.2"]
[WhiteElo "2114"]
[BlackElo "2109"]
[WhiteClock "00:01:02"]
[BlackClock "00:22:01"]
[WhiteTeam "Baden 2"]
[BlackTeam "Württemberg"]
[PlyCount "74"]
[WhiteFideId "12907723"]
[BlackFideId "12964328"]
[EventCountry "GER"]
[EventRounds "7"]
[EventType "team-swiss"]
[EventDate "2016.09.30"]

1. Nf3 Nf6 2. c4 e6 3. b3 d5 4. Bb2 c5 5. g3 Nc6 6. Bg2 d4 7. O-O Be7 8. e3 e5
9. exd4 exd4 10. d3 O-O 11. Re1 Bg4 12. h3 Bh5 13. a3 Qc7 14. Nbd2 Bd6 15. Ne4
Nxe4 16. Rxe4 Ne5 17. Re1 Rae8 18. g4 Bg6 19. Nxe5 Rxe5 20. Rxe5 Bxe5 21. Bd5
Re8 22. Qf3 Qb6 23. Qd1 Bc7 24. Bc1 Qd6 25. f4 Qf6 26. Qf1 Qh4 27. Kg2 h5 28.
Bf3 hxg4 29. hxg4 Re1 30. Qf2 Qh1+ 31. Kg3 Rg1+ 32. Bg2 Bxd3 33. Bd2 Rxg2+ 34.
Qxg2 Qxa1 35. g5 Qf1 36. Qxb7 Qg1+ 37. Kh3 Bf5+ 0-1

[Event "Deutsche Ländermeisterschaft 2016"]
[Site "Hannover GER"]
[Date "2016.10.02"]
[Round "3"]
[White "Degenhard, Simon"]
[Black "Wiesner, Alexander"]
[Result "0-1"]
[Termination "normal"]
[Board "4.3"]
[WhiteElo "2042"]
[BlackElo "1822"]
[WhiteClock "00:31:08"]
[BlackClock "00:10:13"]
[WhiteTeam "Württemberg"]
[BlackTeam "Baden 2"]
[PlyCount "48"]
[WhiteFideId "12944017"]
[BlackFideId "12943991"]
[EventCountry "GER"]
[EventRounds "7"]
[EventType "team-swiss"]
[EventDate "2016.09.30"]

1. d4 e6 2. Nd2 Nf6 3. Ngf3 b6 4. e3 Bb7 5. Bd3 Be7 6. O-O O-O 7. b3 d6 8. Bb2
Nbd7 9. c4 c5 10. Qc2 h6 11. Rfe1 Qc7 12. Rad1 Rac8 13. Nf1 d5 14. N1d2 dxc4
15. bxc4 Rfd8 16. Qb3 cxd4 17. exd4 Nh5 18. Bb1 Nf4 19. d5 Nc5 20. Qc2 f5 21.
dxe6 Ncd3 22. Ba1 Bc5 23. Rf1 Qe7 24. Qc3 Ne2+ 0-1

[Event "Deutsche Ländermeisterschaft 2016"]
[Site "Hannover GER"]
[Date "2016.10.02"]
[Round "3"]
[White "Mangei, Jasmin"]
[Black "Leser, Katrin"]
[Result "1/2-1/2"]
[Termination "normal"]
[Board "4.4"]
[WhiteElo "1900"]
[BlackElo "2056"]
[WhiteClock "00:03:43"]
[BlackClock "00:02:08"]
[WhiteTeam "Baden 2"]
[BlackTeam "Württemberg"]
[PlyCount "78"]
[WhiteFideId "12951803"]
[BlackFideId "12997692"]
[EventCountry "GER"]
[EventRounds "7"]
[EventType "team-swiss"]
[EventDate "2016.09.30"]

1. e4 e5 2. Nf3 Nc6 3. Bc4 Bc5 4. c3 Nf6 5. d4 exd4 6. e5 d5 7. Bb5 Ne4 8. cxd4
Bb4+ 9. Bd2 Nxd2 10. Nbxd2 O-O 11. a3 Bxd2+ 12. Qxd2 Ne7 13. O-O c6 14. Bd3 Bf5
15. Bxf5 Nxf5 16. Qf4 Qd7 17. Rfe1 h6 18. Rac1 Rac8 19. Rc3 Rc7 20. Rec1 a5 21.
b4 axb4 22. axb4 Ra8 23. b5 Ne7 24. h3 Ra5 25. bxc6 Rxc6 26. Rxc6 Nxc6 27. Qd2
Ra4 28. Qb2 Ra7 29. Nd2 Ra4 30. Nb3 Rb4 31. Qa3 Rc4 32. Rd1 b5 33. Qa6 Nb4 34.
Qa5 Nc2 35. Qa8+ Rc8 36. Qa5 Rc4 37. Qa8+ Rc8 38. Qa5 Rc4 39. Qa8+ Rc8 1/2-1/2

[Event "Deutsche Ländermeisterschaft 2016"]
[Site "Hannover GER"]
[Date "2016.10.02"]
[Round "3"]
[White "Gaßmann, Linda"]
[Black "Chernykh, Arkady"]
[Result "1-0"]
[Termination "normal"]
[Board "4.5"]
[WhiteElo "1899"]
[BlackElo "1800"]
[WhiteClock "00:01:07"]
[BlackClock "00:01:08"]
[WhiteTeam "Württemberg"]
[BlackTeam "Baden 2"]
[PlyCount "89"]
[WhiteFideId "12900451"]
[BlackFideId "12989436"]
[EventCountry "GER"]
[EventRounds "7"]
[EventType "team-swiss"]
[EventDate "2016.09.30"]

1. d4 Nf6 2. c4 g6 3. Nc3 Bg7 4. e4 d6 5. Nf3 O-O 6. Be2 e5 7. Be3 Nc6 8. d5
Ne7 9. Nd2 Nd7 10. O-O f5 11. f3 f4 12. Bf2 g5 13. b4 Rf6 14. c5 Rg6 15. Nc4 a6
16. cxd6 cxd6 17. b5 h5 18. bxa6 bxa6 19. Rb1 Nf6 20. Nb6 Rb8 21. Nxc8 Rxc8 22.
Na4 g4 23. Bb6 gxf3 24. Bxf3 Qd7 25. Bf2 Rf8 26. Nb6 Qe8 27. Kh1 Ng4 28. Qe2 a5
29. Bg1 Bf6 30. Nc4 Qd7 31. Nxa5 Ra8 32. Nc4 Nc8 33. Rb2 Rg7 34. Rfb1 Bd8 35.
h3 Rh7 36. Rb7 Bc7 37. Bb6 Nxb6 38. Nxb6 Bxb6 39. Rxd7 Rxd7 40. Bxg4 hxg4 41.
Rxb6 g3 42. Qb5 Rc7 43. Rb8+ Kg7 44. Rb7 Rac8 45. Qb6 1-0

[Event "Deutsche Ländermeisterschaft 2016"]
[Site "Hannover GER"]
[Date "2016.10.02"]
[Round "3"]
[White "Wu, Luka"]
[Black "Brunner, Jan"]
[Result "0-1"]
[Termination "normal"]
[Board "4.6"]
[WhiteElo "1800"]
[BlackElo "1953"]
[WhiteClock "00:20:21"]
[BlackClock "01:08:27"]
[WhiteTeam "Baden 2"]
[BlackTeam "Württemberg"]
[PlyCount "120"]
[WhiteFideId "12977420"]
[BlackFideId "12981010"]
[EventCountry "GER"]
[EventRounds "7"]
[EventType "team-swiss"]
[EventDate "2016.09.30"]

1. e4 c5 2. Nf3 Nc6 3. d4 cxd4 4. Nxd4 Nf6 5. Nc3 d6 6. Bc4 Qb6 7. Nb3 e6 8.
Bf4 Ne5 9. Be2 Be7 10. O-O O-O 11. Be3 Qc7 12. Nd2 a6 13. a4 b6 14. f4 Ned7 15.
Nc4 Bb7 16. e5 dxe5 17. fxe5 Nd5 18. Nxd5 Bxd5 19. b3 Bxc4 20. Bxc4 Nxe5 21.
Bf4 Qc5+ 22. Kh1 Nxc4 23. bxc4 Rfd8 24. Qf3 Bf6 25. Rab1 Rac8 26. Qb7 Qxc4 27.
Qxb6 Qxa4 28. Qb7 Qc6 29. Qa7 Rd7 30. Qe3 Qd5 31. Qe2 Qc4 32. Qf3 a5 33. h3 a4
34. Rfd1 Rd5 35. Rxd5 Qxd5 36. Qg3 h5 37. Rb4 Rc3 38. Qf2 Rxh3+ 39. Kg1 Qd1+
40. Qf1 Rh1+ 41. Kxh1 Qxf1+ 42. Kh2 Qxf4+ 43. Rxf4 Be5 44. Kg3 a3 45. Kf3 Bxf4
46. Kxf4 a2 47. Ke4 a1=Q 48. Kd3 Kf8 49. Ke4 Ke7 50. Kd3 Kd6 51. Ke4 Qc3 52.
Kf4 Qxc2 53. Ke3 Qc4 54. Kd2 Qb3 55. Ke2 Ke5 56. Kf2 Kf4 57. Ke2 Qc2+ 58. Kf1
Kg3 59. Ke1 f6 60. Kf1 Qd1# 0-1

[Event "Deutsche Ländermeisterschaft 2016"]
[Site "Hannover GER"]
[Date "2016.10.02"]
[Round "3"]
[White "Kölle, Tobias"]
[Black "Lohrmann, Tabea"]
[Result "1-0"]
[Termination "normal"]
[Board "4.7"]
[WhiteElo "1822"]
[BlackElo "1723"]
[WhiteClock "00:52:03"]
[BlackClock "00:06:33"]
[WhiteTeam "Württemberg"]
[BlackTeam "Baden 2"]
[PlyCount "75"]
[WhiteFideId "16207378"]
[BlackFideId "12911941"]
[EventCountry "GER"]
[EventRounds "7"]
[EventType "team-swiss"]
[EventDate "2016.09.30"]

1. d4 d5 2. c4 e6 3. Nc3 Nf6 4. cxd5 exd5 5. Bg5 Be7 6. Nf3 Nc6 7. e3 Bf5 8.
Be2 Qd7 9. Rc1 Rd8 10. O-O O-O 11. Bb5 Bg4 12. Na4 h6 13. Bh4 Qe6 14. Bxc6 bxc6
15. h3 Bf5 16. Ne5 Rd6 17. Nc5 Qc8 18. Nb3 Qa6 19. a3 Re8 20. Nc5 Qb5 21. b4
Nd7 22. Bxe7 Rxe7 23. Ncxd7 Bxd7 24. Rc5 Qb7 25. Qc2 f6 26. Nxd7 Rexd7 27. Rc1
Re6 28. Rxc6 Ree7 29. Qc5 Kf7 30. a4 a6 31. Rb1 Re6 32. Rxe6 Kxe6 33. Rc1 Kf7
34. Qc6 Qc8 35. Rc5 Re7 36. Qxd5+ Ke8 37. Qg8+ Kd7 38. Rd5+ 1-0

[Event "Deutsche Ländermeisterschaft 2016"]
[Site "Hannover GER"]
[Date "2016.10.02"]
[Round "3"]
[White "Visvikis, Kassandra"]
[Black "Liu, Sijia Anna"]
[Result "0-1"]
[Termination "normal"]
[Board "4.8"]
[WhiteElo "1318"]
[BlackElo "1445"]
[WhiteClock "00:15:29"]
[BlackClock "00:35:42"]
[WhiteTeam "Baden 2"]
[BlackTeam "Württemberg"]
[PlyCount "62"]
[WhiteFideId "36052167"]
[BlackFideId "12989746"]
[EventCountry "GER"]
[EventRounds "7"]
[EventType "team-swiss"]
[EventDate "2016.09.30"]

1. e4 c5 2. Nf3 Nc6 3. d4 cxd4 4. Nxd4 g6 5. Nc3 Bg7 6. Be3 Nf6 7. f3 O-O 8.
Bc4 d6 9. Qd2 Bd7 10. O-O-O Rc8 11. Kb1 a6 12. Bb3 b5 13. h4 Ne5 14. Rhf1 Nc4
15. Bxc4 bxc4 16. g4 Rb8 17. h5 Qc7 18. hxg6 fxg6 19. Rh1 Qb7 20. b3 Rf7 21.
Qc1 cxb3 22. cxb3 a5 23. Qa3 a4 24. Nxa4 Ra8 25. Nc5 dxc5 26. Qxc5 Qa6 27. Rh2
e5 28. Nc2 Qxa2+ 29. Kc1 Qxb3 30. Kd2 Rc8 31. Qd6 Rxc2+ 0-1

[Event "Deutsche Ländermeisterschaft 2016"]
[Site "Hannover GER"]
[Date "2016.10.02"]
[Round "3"]
[White "Richter, Leonard"]
[Black "Pfreundt, Jakob"]
[Result "1/2-1/2"]
[Termination "normal"]
[Board "5.1"]
[WhiteElo "2282"]
[BlackElo "2269"]
[WhiteClock "00:08:26"]
[BlackClock "00:00:51"]
[WhiteTeam "Sachsen"]
[BlackTeam "Hamburg"]
[PlyCount "63"]
[WhiteFideId "12900290"]
[BlackFideId "12918156"]
[EventCountry "GER"]
[EventRounds "7"]
[EventType "team-swiss"]
[EventDate "2016.09.30"]

1. Nf3 Nf6 2. g3 d5 3. c4 e6 4. Bg2 dxc4 5. Qa4+ Bd7 6. Qxc4 c5 7. O-O Bc6 8.
d3 Be7 9. a3 O-O 10. b4 b5 11. Qb3 Nbd7 12. Be3 cxb4 13. axb4 a5 14. bxa5 Rxa5
15. Rxa5 Qxa5 16. Rc1 Bd5 17. Qb2 b4 18. Nbd2 Ra8 19. Nd4 Bxg2 20. Kxg2 Bf8 21.
N4b3 Qd5+ 22. f3 Qb5 23. Nc4 h5 24. Nd4 Qa4 25. Rb1 g6 26. Bd2 Nd5 27. Nc2 Bg7
28. d4 Rc8 29. N4e3 Nxe3+ 30. Nxe3 b3 31. Qxb3 Qxb3 32. Rxb3 1/2-1/2

[Event "Deutsche Ländermeisterschaft 2016"]
[Site "Hannover GER"]
[Date "2016.10.02"]
[Round "3"]
[White "Ravina, David"]
[Black "Zienert, Richard"]
[Result "0-1"]
[Termination "normal"]
[Board "5.2"]
[WhiteElo "2163"]
[BlackElo "2182"]
[WhiteClock "00:26:49"]
[BlackClock "00:43:26"]
[WhiteTeam "Hamburg"]
[BlackTeam "Sachsen"]
[PlyCount "58"]
[WhiteFideId "12921858"]
[BlackFideId "12945986"]
[EventCountry "GER"]
[EventRounds "7"]
[EventType "team-swiss"]
[EventDate "2016.09.30"]

1. e4 c5 2. d4 cxd4 3. c3 Nf6 4. e5 Nd5 5. Nf3 e6 6. cxd4 Nc6 7. Bd3 d6 8. O-O
Ndb4 9. Bb5 a6 10. Ba4 dxe5 11. a3 b5 12. axb4 bxa4 13. dxe5 Qxd1 14. Rxd1 Nxb4
15. Nc3 Bb7 16. Nd4 Be7 17. Nxa4 Nd5 18. Bd2 O-O 19. Nb3 Bc6 20. Na5 Bb5 21.
Nc3 Nxc3 22. Bxc3 Rfd8 23. Nb7 Rxd1+ 24. Rxd1 Bc6 25. Nd6 Bd5 26. Ba5 Rb8 27.
b4 f6 28. f4 fxe5 29. fxe5 Bg5 0-1

[Event "Deutsche Ländermeisterschaft 2016"]
[Site "Hannover GER"]
[Date "2016.10.02"]
[Round "3"]
[White "Wong, Gengchun"]
[Black "Rogozenco, Teodora"]
[Result "1-0"]
[Termination "normal"]
[Board "5.3"]
[BlackTitle "WFM"]
[WhiteElo "2069"]
[BlackElo "2027"]
[WhiteClock "00:25:14"]
[BlackClock "00:00:37"]
[WhiteTeam "Sachsen"]
[BlackTeam "Hamburg"]
[PlyCount "67"]
[WhiteFideId "12963283"]
[BlackFideId "12938084"]
[EventCountry "GER"]
[EventRounds "7"]
[EventType "team-swiss"]
[EventDate "2016.09.30"]

1. e4 d6 2. d4 Nf6 3. Nc3 e5 4. Nge2 Be7 5. g3 O-O 6. Bg2 Re8 7. O-O c6 8. a4
Bf8 9. h3 a5 10. Be3 Nbd7 11. g4 exd4 12. Bxd4 Nc5 13. Ng3 h6 14. Qd2 Be6 15.
Rad1 Qe7 16. f4 Rad8 17. Qf2 Bc8 18. Rfe1 Nh7 19. b3 Qh4 20. Qf3 Nf6 21. Bf2
Nxg4 22. hxg4 Bxg4 23. Qe3 Bxd1 24. Rxd1 Qf6 25. Nh5 Qg6 26. Qh3 Nxe4 27. Nxe4
Rxe4 28. Rd3 Ree8 29. Rg3 Qe6 30. f5 Qe5 31. c3 d5 32. Bd4 Qe1+ 33. Bf1 Re5 34.
Nf6+ 1-0

[Event "Deutsche Ländermeisterschaft 2016"]
[Site "Hannover GER"]
[Date "2016.10.02"]
[Round "3"]
[White "Spät, Alexander"]
[Black "Nguyen, Alex Dac-Vuong"]
[Result "1/2-1/2"]
[Termination "normal"]
[Board "5.4"]
[WhiteElo "2002"]
[BlackElo "2160"]
[WhiteClock "00:29:53"]
[BlackClock "00:48:43"]
[WhiteTeam "Hamburg"]
[BlackTeam "Sachsen"]
[PlyCount "97"]
[WhiteFideId "24687693"]
[BlackFideId "12984388"]
[EventCountry "GER"]
[EventRounds "7"]
[EventType "team-swiss"]
[EventDate "2016.09.30"]

1. e4 e6 2. b3 d5 3. Bb2 dxe4 4. Nc3 Nf6 5. Qe2 Be7 6. g4 h6 7. h4 Nc6 8. O-O-O
a6 9. Bh3 Nd4 10. Qe1 c5 11. Nxe4 Nd5 12. c3 Nc6 13. Ne2 b5 14. g5 Bb7 15. gxh6
Rxh6 16. Rg1 g6 17. Ng5 Bxg5 18. Rxg5 Rxh4 19. Rg3 Qa5 20. Kb1 O-O-O 21. d4
cxd4 22. cxd4 b4 23. Rc1 Kb8 24. Bg2 Qb6 25. Qd2 Nce7 26. Rc4 Nf5 27. Bxd5 Rxd5
28. Rxb4 Qd8 29. Rg1 e5 30. Qd3 a5 31. Ra4 Nxd4 32. Nxd4 exd4 33. Qg3+ Ka8 34.
Bc1 Rhh5 35. Rd1 d3 36. Bf4 Qc8 37. Rc4 Qf5 38. Qe3 Rh8 39. Qb6 Rb5 40. Qd4 d2+
41. Rc2 Rc8 42. Rdxd2 Be4 43. Be3 Bxc2+ 44. Kb2 Rb7 45. Qd6 Be4 46. Qa6+ Kb8
47. Qd6+ Rcc7 48. Qf8+ Rc8 49. Qd6+ 1/2-1/2

[Event "Deutsche Ländermeisterschaft 2016"]
[Site "Hannover GER"]
[Date "2016.10.02"]
[Round "3"]
[White "Simon, Tessa"]
[Black "Pfreundt, Mathis"]
[Result "0-1"]
[Termination "normal"]
[Board "5.5"]
[WhiteElo "1913"]
[BlackElo "1860"]
[WhiteClock "00:29:46"]
[BlackClock "01:05:04"]
[WhiteTeam "Sachsen"]
[BlackTeam "Hamburg"]
[PlyCount "86"]
[WhiteFideId "12929395"]
[BlackFideId "12967092"]
[EventCountry "GER"]
[EventRounds "7"]
[EventType "team-swiss"]
[EventDate "2016.09.30"]

1. e4 c5 2. Nf3 Nc6 3. d4 cxd4 4. Nxd4 g6 5. Nc3 Bg7 6. Be3 Nf6 7. Bc4 Qa5 8.
O-O O-O 9. Bb3 d6 10. h3 Bd7 11. f4 Nxd4 12. Bxd4 Bc6 13. Qd3 Nd7 14. Bxg7 Kxg7
15. Rae1 Qc5+ 16. Kh1 Rac8 17. Re3 b5 18. Ne2 a5 19. c3 b4 20. cxb4 Qxb4 21. a3
Qb6 22. Nd4 Bb7 23. Bc4 Kg8 24. Rd1 Nc5 25. Qe2 Nxe4 26. Bd3 d5 27. Bxe4 dxe4
28. Rg3 Rfd8 29. Nf5 Qf6 30. Rxd8+ Rxd8 31. Qb5 Bc8 32. Nh6+ Kg7 33. Ng4 Qxf4
34. Qe5+ Qxe5 35. Nxe5 a4 36. Re3 Bb7 37. Kg1 f5 38. Rc3 Rd1+ 39. Kh2 Rd2 40.
b4 axb3 41. Rxb3 Bd5 42. Rc3 e3 43. Rxe3 Rxg2+ 0-1

[Event "Deutsche Ländermeisterschaft 2016"]
[Site "Hannover GER"]
[Date "2016.10.02"]
[Round "3"]
[White "Popist, Florian"]
[Black "Burian, Simon"]
[Result "0-1"]
[Termination "normal"]
[Board "5.6"]
[WhiteElo "1736"]
[BlackElo "1802"]
[WhiteClock "00:43:07"]
[BlackClock "00:46:13"]
[WhiteTeam "Hamburg"]
[BlackTeam "Sachsen"]
[PlyCount "72"]
[WhiteFideId "16203518"]
[BlackFideId "12956902"]
[EventCountry "GER"]
[EventRounds "7"]
[EventType "team-swiss"]
[EventDate "2016.09.30"]

1. d4 Nf6 2. Bf4 g6 3. e3 Bg7 4. Nf3 O-O 5. Be2 d6 6. Nbd2 Nbd7 7. c3 Re8 8.
Qc2 e5 9. Bg5 h6 10. dxe5 dxe5 11. Bxf6 Qxf6 12. O-O-O Nc5 13. Ne4 Nxe4 14.
Qxe4 c6 15. g4 Qe6 16. Nh4 Kh8 17. Bc4 Qe7 18. Rd6 Qxh4 19. Bxf7 Rf8 20. Bxg6
Qxg4 21. f4 Bf5 22. Bxf5 Qxf5 23. Qg2 Rf6 24. Rg1 Rg8 25. Rd8 Rff8 26. Rd6 Bf6
27. Qf2 Rxg1+ 28. Qxg1 exf4 29. Qf1 Rd8 30. Qd1 Qg5 31. Rxd8+ Bxd8 32. Qd6 Qf6
33. Qd7 Be7 34. exf4 Qxf4+ 35. Kc2 Qe4+ 36. Kc1 Bg5+ 0-1

[Event "Deutsche Ländermeisterschaft 2016"]
[Site "Hannover GER"]
[Date "2016.10.02"]
[Round "3"]
[White "Bui, Ngoc Han Julia"]
[Black "Shirov-Michna, Masza"]
[Result "1-0"]
[Termination "normal"]
[Board "5.7"]
[WhiteElo "1768"]
[BlackElo "1372"]
[WhiteClock "00:46:59"]
[BlackClock "00:17:45"]
[WhiteTeam "Sachsen"]
[BlackTeam "Hamburg"]
[PlyCount "96"]
[WhiteFideId "12977055"]
[BlackFideId "12921998"]
[EventCountry "GER"]
[EventRounds "7"]
[EventType "team-swiss"]
[EventDate "2016.09.30"]

1. e4 e6 2. d4 d5 3. Nd2 dxe4 4. Nxe4 Bd7 5. Bd3 Bc6 6. Nf3 Nd7 7. O-O Ngf6 8.
Qe2 Be7 9. c4 O-O 10. b3 Bxe4 11. Bxe4 Nxe4 12. Qxe4 c6 13. Bb2 Bf6 14. Qc2 Re8
15. Rad1 Rc8 16. Rfe1 Qc7 17. Re2 Re7 18. Red2 Rce8 19. Ba3 c5 20. d5 exd5 21.
Rxd5 b6 22. Bc1 Ne5 23. Ng5 Bxg5 24. Bxg5 f6 25. Bd2 Ng4 26. g3 Re2 27. Rf1
R8e5 28. Qd3 Re8 29. Rd7 Qe5 30. h3 Nh6 31. Bxh6 Re7 32. Rxe7 Qxe7 33. Qd5+ Kf8
34. Bf4 Re6 35. Rd1 Kf7 36. Qd7 g5 37. Qxe7+ Rxe7 38. Be3 Kg6 39. Kg2 h5 40.
Rd5 g4 41. hxg4 hxg4 42. Kf1 f5 43. Ke2 Kf6 44. Kd3 Ke6 45. Bf4 Rd7 46. Rxd7
Kxd7 47. Bb8 a6 48. Ke3 b5 1-0

[Event "Deutsche Ländermeisterschaft 2016"]
[Site "Hannover GER"]
[Date "2016.10.02"]
[Round "3"]
[White "Kieckbusch, Lotta"]
[Black "Peglau, Mirjam"]
[Result "0-1"]
[Termination "normal"]
[Board "5.8"]
[WhiteElo "1286"]
[BlackElo "1534"]
[WhiteClock "00:52:12"]
[BlackClock "00:51:47"]
[WhiteTeam "Hamburg"]
[BlackTeam "Sachsen"]
[PlyCount "64"]
[WhiteFideId "16214390"]
[BlackFideId "16211138"]
[EventCountry "GER"]
[EventRounds "7"]
[EventType "team-swiss"]
[EventDate "2016.09.30"]

1. e4 e6 2. d4 d5 3. Nd2 Nf6 4. e5 Nfd7 5. Ngf3 c5 6. c3 Nc6 7. Bb5 Qb6 8. Bxc6
bxc6 9. Nb3 cxd4 10. cxd4 Ba6 11. Ng1 c5 12. Ne2 Bxe2 13. Qxe2 cxd4 14. O-O a5
15. Rd1 Bc5 16. Qg4 g6 17. Qf4 Rg8 18. Nxd4 g5 19. Qe3 Nb8 20. Qc3 Nc6 21. Nxc6
Bxf2+ 22. Kf1 Rc8 23. Qd2 Bg1 24. Nxa5 Bxh2 25. Re1 Qg1+ 26. Ke2 Qxg2+ 27. Kd1
Qg4+ 28. Re2 Bxe5 29. Qe3 Bf4 30. Qf2 d4 31. Ke1 Bg3 32. Qxg3 Qxg3+ 0-1

[Event "Deutsche Ländermeisterschaft 2016"]
[Site "Hannover GER"]
[Date "2016.10.02"]
[Round "3"]
[White "Schmidek, Emil"]
[Black "Schröder, Kevin"]
[Result "1-0"]
[Termination "normal"]
[Board "6.1"]
[BlackTitle "FM"]
[WhiteElo "2247"]
[BlackElo "2266"]
[WhiteTeam "Berlin"]
[BlackTeam "Nordrhein-Westfalen"]
[PlyCount "57"]
[WhiteFideId "12908150"]
[BlackFideId "12929840"]
[EventCountry "GER"]
[EventRounds "7"]
[EventType "team-swiss"]
[EventDate "2016.09.30"]

1. e4 e5 2. Nf3 Nc6 3. Bb5 Nf6 4. O-O Nxe4 5. d4 Nd6 6. Bxc6 dxc6 7. dxe5 Nf5
8. Qxd8+ Kxd8 9. Bg5+ Ke8 10. Nc3 Be6 11. Ne4 h6 12. Bd2 Rd8 13. Rad1 Nd4 14.
Nxd4 Rxd4 15. Ng3 Bc5 16. Bc3 Rd5 17. Nh5 Rg8 18. Nf4 Rxd1 19. Rxd1 Bf5 20. Nd3
Bb6 21. Bb4 Kd7 22. c4 Kc8 23. Nf4 Bg4 24. Rd2 g5 25. h3 gxf4 26. hxg4 c5 27.
Bc3 Rxg4 28. f3 Rh4 29. e6 1-0